000 00346nam a22001337a 4500
020 _qHB.
040 _cFIIZA ISHAQ
082 _a491.78
_bPAT
100 _aPatrick , George
_9133784
245 _aIntermediate Russian Reader /
_cGeorge Patrick.
260 _aNew York:
_bPitman,
_c1945.
300 _a327 P. ;
_c19.5 X 12.7 cm
942 _2ddc
_cBK
999 _c616745
_d616745